Zabrze - quiz wielokrotnego wyboru - Statystyki

Ogólne statystyki
  • Ten quiz został rozwiązany 74 razy
  • Średni wynik to 7 z 10
Statystyki odpowiedzi
Zagadnienie Odpowiedź % Poprawnych
Jaki klub piłkarski 14-krotnie wygrał tytuł mistrza Polski? Górnik
95%
Jaki prezydent Zabrza został odwołany w wyniku referendum 11 maja 2025 r? Agnieszka Rupniewska
77%
Flaga którego kraju jest podobna do flagi Zabrza? Armenii
75%
Czyim imieniem został nazwany stadion 14-krotnego mistrza Polski w piłce nożnej? Ernesta Pohla
72%
Z którym z poniższych miast Zabrze nie posiada granicy lądowej? Chorzów
69%
Z którym niemieckim przemysłowcem związany jest rozwój przemysłowy Zabrza w XIX wieku? Guido Henckel von Donnersmarck
62%
Która z poniższych osób urodziła się w Zabrzu? Łukasz Skorupski
62%
W którym roku Zabrze otrzymało prawa miejskie? 1922
59%
Jaka rzeka przepływa przez Zabrze? Kłodnica
59%
Który z poniższych świętych jest oficjalnym patronem Zabrza? Św. Kamil de Lellis
31%
Nie znaleziono quizów pasujących do podanych kryteriów
Rozkład punktacji
Procent ludzi z każdym wynikiem
Percentyl według liczby udzielonych odpowiedzi
Twoja historia wyników
Nie rozwiązałeś tego quizu